Las canciones en las clases de ELE: el enfoque cultural

Benefity používania piesní pri výučbe španielčiny ako cudzieho jazyka na univerzite so zameraním sa na kultúru v Čile.

Salvato in:
Dettagli Bibliografici
Autore principale: Mocková, Nina, 1987-
Natura: Capitolo di libro
Lingua:spagnolo
Soggetti:
Tags: Aggiungi Tag
Nessun Tag, puoi essere il primo ad aggiungerne!!

MARC

LEADER 00000naa a2200000 4500
001 0253471
005 20240502074048.0
041 0 |a spa 
044 |a SK 
245 1 0 |a Las canciones en las clases de ELE: el enfoque cultural  |c Nina Mocková 
520 |a Benefity používania piesní pri výučbe španielčiny ako cudzieho jazyka na univerzite so zameraním sa na kultúru v Čile. 
610 2 0 |a štúdium vysokoškolské 
610 2 0 |a univerzity 
610 2 0 |a jazyky cudzie 
610 2 0 |a španielčina 
610 2 0 |a Čile 
610 2 0 |a kultúra 
100 1 |a Mocková, Nina, 1987-